000
00271nam a2200109Ia 4500
005
20251222114415.0
008
251222s1900||||xx |||||||||||||| ||spa||
082
_a
DVD0092/H53/2000
245
0
_a
Tradiciones culturales e identidad en el PerĂº
264
_b
TNP
942
_c
DVD
999
_c
2178
_d
2178